أخبار الأذكياء / (Record no. 16227)
[ view plain ]
| 000 -الفاتح | |
|---|---|
| حقل البيانات ثابتة الطول | 01054nam a22002537a 4500 |
| 003 - محدد رقم الضبط | |
| رقم الضبط | EG-ScBUE |
| 005 - وقت وتاريخ اخر تعامل مع التسجيلة | |
| رقم الضبط | 20210124114819.0 |
| 008 - عناصر البيانات ثابتة الطول - معلومات عامة | |
| حقل البيانات ثابتة الطول | 111117s1970 ua f 000 00 ara d |
| 017 ## - رقم الإيداع القانونى | |
| رقم الإيداع القانونى | 1969/4578 |
| 040 ## - مصدر الفهرسة | |
| وكالة الفهرسة الأصلية | EG-ScBUE |
| لغة الفهرسة | ara |
| قواعد الوصف | rda |
| وكالة النسخ | EG-ScBUE |
| وكالة التعديل | EG-ScBUE |
| 082 04 - رقم تصنيف ديوى العشرى | |
| رقم التصنيف | 892.783402 |
| رقم المادة | ج و ز |
| رقم الطبعة | 22 |
| 100 1# - المدخل الرئيسى - إسم شخصى | |
| 9 (RLIN) | 22259 |
| الإسم الشخصى | ابن الجوزي، عبد الرحمن بن علي، |
| التواريخ المصاحبة للاسم | 508-597 هـ.، |
| الدور | مؤلف. |
| 245 10 - بيان العنوان | |
| العنوان | أخبار الأذكياء / |
| بيان المسئوليه,etc | لأبي الفرج بن الجوزي 510-597 هـ. ؛ تحقيق محمد مرسي الخولي. |
| 264 #1 - النشر، التوزيع | |
| مكان الناشر او الموزع | القاهرة : |
| اسم الناشر او الموزع | [تاريخ النشر غير معرف]، |
| تاريخ النشر أو التوزيع | 1970. |
| 300 ## - الوصف المادى | |
| التعداد | 297 صفحة ؛ |
| أبعاد الوعاء | 23 سم |
| 336 ## - نوع المحتوى | |
| source | rdacontent |
| Carrier Type Term | نص |
| Content Type Code | txt |
| 337 ## - نوع الوسيط | |
| source | rdamedia |
| Media Type Term | بدون وسيط |
| Media Type Code | n |
| 338 ## - نوع الحامل أو الناقل | |
| source | rdacarrier |
| Carrier Type Term | مجلد |
| Carrier Type Code | nc |
| 650 #7 - المدخل الاضافى بالموضوع-مصطلح موضوعى | |
| 9 (RLIN) | 13711 |
| مصطلح موضوعي أو اسم جغرافي كعنصر مدخل | القصص التاريخية |
| التقسيم الفرعي العام | تاريخ ونقد |
| التقسيم الفرعي الزمني | العصر الحديث. |
| مصدر الرأس أو المصطلح | BUEsh |
| 653 ## - مصطلح تكشيفى غير مقيد | |
| Arrived date list | November2011 |
| Resource For college | Arabic Literature |
| 655 ## - مصطلح تكشيفى-نوع/شكل | |
| التقسيم الفرعي الشكلي | Reading book |
| -- | 34232 |
| 700 1# - المدخل الاضافى - اسم شخصى | |
| الإسم الشخصى | الخولي، محمد مرسي، |
| الدور | محقق. |
| 942 ## - عناصر المدخل الإضافي( كوها) | |
| مصدر التصنيف او مخطط الترفيف | Dewey Decimal Classification |
| Koha [default] item type | Book - Borrowing |
| حالة التراجع | حالة الفقد | مصدر التصنيف او خطة الترفيف | حالة تلف | ليس للاعارة | مجموعات كوها | المكان الدائم | المكان الحالي | موقع الترفيف | تاريخ الاكتساب | رقم الاستدعاء | الباركود | Date last seen | نوع الوعاء |
|---|---|---|---|---|---|---|---|---|---|---|---|---|---|
| Dewey Decimal Classification | Alef-Baa | Central Library | Central Library | Second Floor | 17/11/2011 | 892.783402 ج و ز | 000025673 | 15/07/2025 | Book - Borrowing |